| 000 | 01132cam a2200337 i 4500 | ||
|---|---|---|---|
| 001 | 23048270 | ||
| 003 | EG-ScBUE | ||
| 005 | 20240306133208.0 | ||
| 008 | 230404t2023 nyua f b 001 0 eng d | ||
| 020 | _a9780367638795 | ||
| 035 | _a(OCoLC)on1336890196 | ||
| 040 |
_aYDX _beng _erda _cYDX _dNRC _dDLC _dEG-ScBUE |
||
| 082 | 0 | 4 |
_222 _a729 _bLAL |
| 100 | 1 |
_aLalvani, Haresh, _eauthor. |
|
| 245 | 1 | 0 |
_aCoding, shaping, making : _bexperiments in form and form-making / _cHaresh Lalvani. |
| 264 | 1 |
_aNew York, NY : _bRoutledge, _c[2023] |
|
| 264 | 4 | _c©2023. | |
| 300 |
_ax, 409 pages : _billustrations ; _c26 cm |
||
| 336 |
_atext _btxt _2rdacontent |
||
| 337 |
_aunmediated _bn _2rdamedia |
||
| 338 |
_avolume _bnc _2rdacarrier |
||
| 504 | _aIncludes bibliographical references and index. | ||
| 650 | 7 |
_aArchitectural design _xPhilosophy. _2BUEsh |
|
| 650 | 7 |
_aForm (Aesthetics) _2BUEsh |
|
| 653 |
_cMarch2024 _bENGARC |
||
| 655 | _vReading book | ||
| 906 |
_a7 _bcbc _ccopycat _d2 _encip _f20 _gy-gencatlg |
||
| 942 |
_2ddc _cBB |
||
| 999 |
_c30703 _d30674 |
||